| 000 | 00624nam a2200169 i 4500 | ||
|---|---|---|---|
| 001 | 163849 | ||
| 003 | ES-MaACL | ||
| 005 | 20230906212825.0 | ||
| 008 | 020416s1890 sp |||| | spa d | ||
| 040 |
_aNA _bspa _cNA |
||
| 100 | 1 |
_aRodríguez-Navas, Manuel. _9131977 |
|
| 245 | 1 | 3 |
_aEl alma _b: según las escuelas filosóficas de la India / _cpor Manuel Rodríguez-Navas y Carrasco. |
| 260 |
_aMadrid : _b[s.n.], _c1890 ( _fImprenta de Enrique Rubiños) |
||
| 300 |
_a156 p. ; _c16 cm. |
||
| 650 | 4 |
_aAlma. _99739 |
|
| 852 |
_aES-MaACL _jT-601-F-1 _z-- Enc. hol., conservando la cub. original _z-- Enc. en un vol. facticio |
||
| 999 |
_c163849 _d163849 |
||